|
|
|
|
| LEADER |
02654nam a22005655i 4500 |
| 001 |
978-0-306-47069-1 |
| 003 |
DE-He213 |
| 005 |
20151204155733.0 |
| 007 |
cr nn 008mamaa |
| 008 |
100301s2002 xxu| s |||| 0|eng d |
| 020 |
|
|
|a 9780306470691
|9 978-0-306-47069-1
|
| 024 |
7 |
|
|a 10.1007/b115041
|2 doi
|
| 040 |
|
|
|d GrThAP
|
| 050 |
|
4 |
|a QC176-176.9
|
| 072 |
|
7 |
|a PNFS
|2 bicssc
|
| 072 |
|
7 |
|a SCI077000
|2 bisacsh
|
| 082 |
0 |
4 |
|a 530.41
|2 23
|
| 100 |
1 |
|
|a Owens, Frank J.
|e author.
|
| 245 |
1 |
4 |
|a The New Superconductors
|h [electronic resource] /
|c by Frank J. Owens, Charles P. Poole.
|
| 264 |
|
1 |
|a Boston, MA :
|b Springer US,
|c 2002.
|
| 300 |
|
|
|a XII, 204 p.
|b online resource.
|
| 336 |
|
|
|a text
|b txt
|2 rdacontent
|
| 337 |
|
|
|a computer
|b c
|2 rdamedia
|
| 338 |
|
|
|a online resource
|b cr
|2 rdacarrier
|
| 347 |
|
|
|a text file
|b PDF
|2 rda
|
| 490 |
1 |
|
|a Selected Topics in Superconductivity
|
| 505 |
0 |
|
|a Discovery of High-Temperature Superconductivity -- Conductivity and Magnetism -- Superconducting State -- Superfluidity -- Explanations of Superconductivity -- Classical Superconductors -- Fullerenes -- New High-Temperature Superconductors -- Magnets and Their Uses -- Wires and Films -- Further Applications -- Future Prospects.
|
| 520 |
|
|
|a In The New Superconductors, Frank J. Owens and Charles P. Poole, Jr., offer a descriptive, non-mathematical presentation of the latest superconductors and their properties for the non-specialist. Highlights of this up-to-date text include chapters on superfluidity, the latest copper oxide types, fullerenes, and prospects for future research. The book also features many examples of commercial applications; an extensive glossary that defines superconductivity terms in clear language; and a supplementary list of readings for the interested lay reader.
|
| 650 |
|
0 |
|a Physics.
|
| 650 |
|
0 |
|a Condensed matter.
|
| 650 |
|
0 |
|a Solid state physics.
|
| 650 |
|
0 |
|a Crystallography.
|
| 650 |
|
0 |
|a Spectroscopy.
|
| 650 |
|
0 |
|a Microscopy.
|
| 650 |
|
0 |
|a Materials science.
|
| 650 |
1 |
4 |
|a Physics.
|
| 650 |
2 |
4 |
|a Solid State Physics.
|
| 650 |
2 |
4 |
|a Spectroscopy and Microscopy.
|
| 650 |
2 |
4 |
|a Condensed Matter Physics.
|
| 650 |
2 |
4 |
|a Crystallography.
|
| 650 |
2 |
4 |
|a Characterization and Evaluation of Materials.
|
| 700 |
1 |
|
|a Poole, Charles P.
|e author.
|
| 710 |
2 |
|
|a SpringerLink (Online service)
|
| 773 |
0 |
|
|t Springer eBooks
|
| 776 |
0 |
8 |
|i Printed edition:
|z 9780306454530
|
| 830 |
|
0 |
|a Selected Topics in Superconductivity
|
| 856 |
4 |
0 |
|u http://dx.doi.org/10.1007/b115041
|z Full Text via HEAL-Link
|
| 912 |
|
|
|a ZDB-2-PHA
|
| 912 |
|
|
|a ZDB-2-BAE
|
| 950 |
|
|
|a Physics and Astronomy (Springer-11651)
|